000 00591cam a2200205 a 4500
020 _a0672233959 :
082 0 0 _a621.6
_bSTE
_cL23, P-41
100 1 _aStewart, Harry L.
_941901
245 1 0 _aPumps /
_cby Harry L. Stewart.
250 _a2nd ed. [i.e. 4th ed.] /
260 _aBoston
_bT. Audel,
_cc1984.
300 _a500 p. :
_bill. ;
_c22 cm.
500 _aIncludes index.
526 _a0
_b0
_c0
_d621_600000000000000_STE
650 0 _aMCE
_9379
650 0 _aOil hydraulic machinery.
_941107
650 0 _aPumping machinery.
_93452
700 1 _aPhilbin, Tom,
_941902
942 _2ddc
_cBK
999 _c545924
_d545924